| 000 | 01216nam0a22003131 4500 | ||
|---|---|---|---|
| 001 | rc\3665582 | ||
| 005 | 20260406202547.0 | ||
| 021 |
_aRU _b[70-43148] |
||
| 035 | _a(NLR Aleph) 007839480 | ||
| 090 |
_a9794622 _c9794622 |
||
| 100 | _a20130115d1970 |||y0rusy50 ca | ||
| 101 | 0 | _arus | |
| 102 | _aRU | ||
| 105 | _aa z ||||| | ||
| 200 | 1 |
_aКомбинат здоровья _e(Гор. клинич. больница № 1 Новокузнецка) |
|
| 210 |
_aКемерово _cКн. изд-во _d1970 |
||
| 215 |
_a50 с. _cил. _d19 |
||
| 300 | _aПеред загл. авт.: Г.П. Курбатов, В.П. Селиванов, И.Б. Ликстанов | ||
| 300 | _aНа обл. авт. не указаны | ||
| 606 |
_aБольницы городские _yНовокузнецк _2psbo |
||
| 700 | 1 |
_aКурбатов _bГ.П. |
|
| 701 | 1 |
_aСеливанов _bВ.П. _gВалентин Петрович |
|
| 701 | 1 |
_aЛикстанов _bИ.Б. |
|
| 712 | 0 | 2 |
_aНовокузнецкая городская клиническая больница _c1 _3RU\NLR\AUTH\889962502 _9421318 |
| 801 | 0 |
_aRU _bNLR _gpsbo |
|
| 801 | 1 |
_aRU _bELAR _2rusmarc |
|
| 852 |
_aNLR _j70-4/9890 |
||
| 942 | _cBOOK | ||
| 980 | _aNB | ||